Online
Catalog

Reflexiones a diez años : (Record no. 14751)

MARC details
000 -CABECERA
campo de control de longitud fija 01129cam a2200265 a 4500
001 - NÚMERO DE CONTROL
campo de control 000015180
005 - FECHA Y HORA DE LA ÚLTIMA TRANSACCIÓN
campo de control 20200929163957.0
008 - DATOS DE LONGITUD FIJA--INFORMACIÓN GENERAL
campo de control de longitud fija 980302s1997 mx b 100 0 spa
020 ## - NÚMERO INTERNACIONAL ESTÁNDAR DEL LIBRO
Número Internacional Estándar del Libro 9686101705
040 ## - FUENTE DE LA CATALOGACIÓN
Centro catalogador/agencia de origen DO-SdBNP
Lengua de catalogación spa
Centro/agencia transcriptor DLC
Centro/agencia modificador BNPHU
082 ## - NÚMERO DE LA CLASIFICACIÓN DECIMAL DEWEY
Número de clasificación 255.5
Número de documento/Ítem R332d
049 ## - FONDOS LOCALES (OCLC)
Fondos de biblioteca BNGR
245 00 - MENCIÓN DE TÍTULO
Título Reflexiones a diez años :
Resto del título de las características de la educación de la Compañía de Jesús /
Mención de responsabilidad, etc. editores ; Raúl Fuentes Navarro y Lourdes Jaime.
260 ## - PUBLICACIÓN, DISTRIBUCIÓN, ETC.
Lugar de publicación, distribución, etc. México :
Nombre del editor, distribuidor, etc. ITESO,
Fecha de publicación, distribución, etc. 1997.
300 ## - DESCRIPCIÓN FÍSICA
Extensión 239 p. ;
Dimensiones 23 cm.
490 1# - MENCIÓN DE SERIE
Mención de serie Pedagogía ignaciana
Designación de volumen o secuencia 4
500 ## - NOTA GENERAL
Nota general Actas de un seminario convocado por el Instituto Tecnológico de Estudios Superiores de Occidente, en Guadalajara, diciembre 5-8, 1996.
504 ## - NOTA DE BIBLIOGRAFÍA, ETC.
Nota de bibliografía, etc. Incluye referencias bibliográficas.
610 24 - PUNTO DE ACCESO ADICIONAL DE MATERIA--NOMBRE DE ENTIDAD CORPORATIVA
Nombre de entidad corporativa o nombre de jurisdicción como elemento de entrada JESUITAS
Subdivisión general EDUCACIÓN
Subdivisión geográfica AMÉRICA LATINA
Subdivisión general CONGRESOS
9 (RLIN) 34382
700 1# - PUNTO DE ACCESO ADICIONAL--NOMBRE DE PERSONA
Nombre de persona Fuentes Navarro, Raúl.
Término indicativo de función/relación ed.
9 (RLIN) 33900
700 1# - PUNTO DE ACCESO ADICIONAL--NOMBRE DE PERSONA
Nombre de persona Jaime, Lourdes.
Término indicativo de función/relación ed.
9 (RLIN) 34383
710 2# - PUNTO DE ACCESO ADICIONAL--NOMBRE DE ENTIDAD CORPORATIVA
Nombre de entidad corporativa o nombre de jurisdicción como elemento de entrada Instituto Tecnológico de Estudios Superiores de Occidente (Guadalajara, México)
9 (RLIN) 28550
830 #0 - PUNTO DE ACCESO ADICIONAL DE SERIE-TÍTULO UNIFORME
Título uniforme Pedagogía ignaciana ;
Designación de volumen o secuencia 4
9 (RLIN) 28552
910 ## - DATOS DE OPCIÓN DEL USUARIO (OCLC)
Datos de opción del usuario Catalogación por copia / LC
Holdings
Estado de retiro Estado de pérdida Restricciones de uso No para préstamo Código de colección Localización permanente Ubicación/localización actual Ubicación en estantería Fecha de adquisición Número de inventario Total de préstamos Signatura topográfica completa Código de barras Fecha visto por última vez Precio válido a partir de Tipo de ítem Koha
    Préstamo interno   Monografías: Libros y Folletos General General En catalogación 02.02.2010 LF1   255.5 R332d 15180-10 25.06.2020 25.06.2020 Préstamo interno

Powered by Koha